Discovering the Quran; a Contemporary Approach to a Veiled Text (Record no. 9500)

MARC details
000 -LEADER
fixed length control field 00629nam a2200241 a 4500
020 ## - INTERNATIONAL STANDARD BOOK NUMBER
ISBN 0334490
082 00 - DEWEY DECIMAL CLASSIFICATION NUMBER
Classification number 297.1224
Author Cutter ROB
100 ## - MAIN ENTRY--AUTHOR NAME
Author name Robinson, Neal
245 ## - TITLE STATEMENT
Title Discovering the Quran; a Contemporary Approach to a Veiled Text
260 ## - PUBLICATION, DISTRIBUTION, ETC. (IMPRINT)
Place of publication London
Name of publisher Scm Press
Year of publication 1996
300 ## - PHYSICAL DESCRIPTION
Number of Pages 332p
500 ## - GENERAL NOTE
General note includes index and biblioraphy
505 2# - FORMATTED CONTENTS NOTE
Formatted contents note indexes
650 ## - SUBJECT ADDED ENTRY--TOPICAL TERM
Topical Term Quran-Textual Criticism
942 ## - ADDED ENTRY ELEMENTS (KOHA)
Koha item type Books
700 1# -
-- Robinson, Neal
Holdings
Collection code Home library Current library Date acquired Cost, normal purchase price Full call number Accession Number Koha item type
  Henry Martyn Institute Library Henry Martyn Institute Library 02/22/2010 1135.65 297.1224 ROB 019693 Books
                   Copyright © 2026 | Henry Martyn Institute | Hyderabad | TS-500052 | INDIA | Implemented by hmi.edu.in
Hit-Count:

Powered by Koha